The Sword in the stone / Walt Disney Enterprises ; ... Read More
Available copies
- 4 of 5 copies available at LARL/NWRL Consortium.
- 1 of 1 copy available at Lake Agassiz Regional Library. (Show preferred library)
Current holds
0 current holds with 5 total copies.
Show Only Available Copies
| Location | Call Number / Copy Notes | Barcode | Shelving Location | Status | Due Date |
|---|---|---|---|---|---|
| Moorhead Public Library | DVD J SWO (Text) | 33500014367379 | Main | Available | - |
| Greenbush Public Library | DVD j SWO (Text) | 35500003762620 | Main | Checked out | 07/08/2026 |
| Hallock Public Library | DVD j SWO (Text) | 35500004596514 | Main | Available | - |
| Karlstad LINK Site | DVD j SWO (Text) | 35500005322936 | Main | Available | - |
| Roseau Public Library | DVD j SWO (Text) | 35500005334931 | Main | Available | - |
Record details
- ISBN: 078882175X
- ISBN: 0788887882
- ISBN: 9786315104244
- Physical Description: 1 videodisc (79 min.) : sd., col. ; 4 3/4 in.
- Edition: Full screen.
- Publisher: Burbank, CA : Buena Vista Home Entertainment, c1963.
Content descriptions
| General Note: | Rated G ; bonus features not rated. Title from disc. Based on the story of the same title by T.H. White. Videodisc release of the 1963 motion picture. Features include: fully restored and remastered ; "Knight for a day" animated short starring Goofy ; ... Read More Dolby digital 5.1 surround ; digitally mastered. "19691." |
| Summary, etc.: | King Arthur, under the instruction of Merlin the ... Read More |
| System Details Note: | DVD player required. |
| Language Note: | Closed-captioned for the hearing impaired. In English, French, and Spanish. |
Search for related items by subject
| Subject: | Arthurian romances > Adaptations > Drama. Arthur, King > Drama. |
| Genre: | Caricatures and cartoons. Animated films. Children's films. DVDs. |
Search for related items by series
| LDR | 03746ngm a2200649Ia 4500 | ||
|---|---|---|---|
| 001 | 35698 | ||
| 003 | LARL_NWRL_CONSORTIUM | ||
| 005 | 20190813204018.0 | ||
| 007 | vd cgaizs | ||
| 008 | 010326s1963 cau079 g vaeng d | ||
| 020 | . | ‡a078882175X | |
| 020 | . | ‡a0788887882 | |
| 020 | . | ‡a9786315104244 | |
| 024 | 1 | . | ‡a786936834925 |
| 028 | 4 | 1. | ‡a19691 ‡bBuena Vista Home Entertainment |
| 035 | . | ‡a(OCoLC)46596543 | |
| 092 | . | ‡ajDVD Fiction | |
| 092 | . | ‡aSword and the stone | |
| 245 | 0 | 4. | ‡aThe Sword in the stone / ‡cWalt Disney Enterprises ; story by Bill Peet ; director, Wolfgang Reitherman. |
| 250 | . | ‡aFull screen. | |
| 260 | . | ‡aBurbank, CA : ‡bBuena Vista Home Entertainment, ‡cc1963. | |
| 300 | . | ‡a1 videodisc (79 min.) : ‡bsd., col. ; ‡c4 3/4 in. | |
| 490 | 0 | . | ‡aWalt Disney gold collection |
| 546 | . | ‡aClosed-captioned for the hearing impaired. | |
| 546 | . | ‡aIn English, French, and Spanish. | |
| 500 | . | ‡aRated G ; bonus features not rated. | |
| 500 | . | ‡aTitle from disc. | |
| 500 | . | ‡aBased on the story of the same title by T.H. White. | |
| 500 | . | ‡aVideodisc release of the 1963 motion picture. | |
| 500 | . | ‡aFeatures include: fully restored and remastered ; "Knight for a day" animated short starring Goofy ; "Brave little tailor" animated short starring Mickey Mouse ; "Music magic: the Sherman Brothers," including the deleted song "The magic key"-never before released ; "All about magic," 1957 TV show hosted by Walt Disney ; The sword in the stone scrapbook-still frame galleries ; film facts-a behind-the-scenes exclusive ; sing-along versions of favorites "Higitus figitus" and "That's what makes the world go round." | |
| 538 | . | ‡aDVD player required. | |
| 500 | . | ‡aDolby digital 5.1 surround ; digitally mastered. | |
| 520 | . | ‡aKing Arthur, under the instruction of Merlin the magician, is transformed into a fish, a squirrel, and a bird, and explains how he is returned to normal and named king. | |
| 500 | . | ‡a"19691." | |
| 650 | 0. | ‡aArthurian romances ‡xAdaptations ‡vDrama. | |
| 600 | 0 | 0. | ‡aArthur, ‡cKing ‡vDrama. |
| 655 | 0. | ‡aCaricatures and cartoons. | |
| 655 | 0. | ‡aAnimated films. ‡0(LARL_NWRL_CONSORTIUM)175704 | |
| 655 | 0. | ‡aChildren's films. ‡0(LARL_NWRL_CONSORTIUM)175624 | |
| 655 | 0. | ‡aDVDs. | |
| 700 | 1 | . | ‡aReitherman, Wolfgang, ‡d1909-1985. ‡0(LARL_NWRL_CONSORTIUM)136378 |
| 700 | 1 | . | ‡aWhite, T. H. ‡q(Terence Hanbury), ‡d1906-1964. ‡tSword in the stone. ‡0(LARL_NWRL_CONSORTIUM)143598 |
| 901 | . | ‡a35698 ‡bOCLC ‡c35698 ‡tbiblio | |

Add to basket
Permalink
Disable Highlighting